00483nam a22001577a 450000500170000001000150001702000260003203500140005803700130007208200120008510000250009724500660012226000320018827000810022030000240030120220817170051.0 aENG-134477 a9789386302496c495.00 aEN-118009 bDBAD/PUB a954.165 aAshraf, Syeda Sakina aMagical Memoirs:bNagaland 40 years Ago/cSyeda Sakina Ashraf aAssambEBH Publishersc2018 a136, M.L. Nehru Road, PanbazarbGuwahatie781001measternbookhouse@gmail.com axiv, 88p.c22cm(hb)